| 000 | 00628nam a2200217 a 4500 | ||
|---|---|---|---|
| 001 | BRL_1547 | ||
| 005 | 20190320211246.0 | ||
| 008 | 030314s1959----gw-ao#####---#000-0#ger-# | ||
| 041 | _ager | ||
| 044 | _agw | ||
| 050 | 4 |
_aGT1747 _b.H36 1959 |
|
| 100 | 1 |
_aHansmann , Claus _927238 |
|
| 245 | 1 | 0 |
_aMasken schemen larven _bvolksmasken der Alpernländer _cClaus Hansmann ; einführung von Gislind Ritz. |
| 260 |
_aMünchen _bF. Bruckmann _c1959 |
||
| 300 |
_a65 p. _bil., fotografías (a color) _c18 cm. |
||
| 500 | _aAu1806 | ||
| 650 | 1 | 4 |
_aMáscaras _918335 |
| 700 | 1 |
_aRitz, Gislind _927239 |
|
| 902 | _aGRL | ||
| 942 |
_2lcc _cB |
||
| 999 |
_c10356 _d10356 |
||